| 000 | 00593cam a2200193 a 4500 | ||
|---|---|---|---|
| 020 | _a2853403793 | ||
| 040 | _cDLC | ||
| 082 | 0 | 0 | _a581 INS 1982 A041 Or. |
| 100 | 1 | _aMargara, Jacques. | |
| 245 | 1 | 0 |
_aBases de la multiplication végétative : _bles méristèmes et l'organogenèse / |
| 260 |
_aParis : _bInstitut national de la recherche agronomique, _c[1982] |
||
| 300 |
_a262 p. : _bill. (some col.) ; _c24 cm. |
||
| 500 | _aIncludes index. | ||
| 650 | 0 | _aMeristem culture. | |
| 650 | 0 | _aMeristems. | |
| 650 | 0 | _aPlant morphogenesis. | |
| 650 | 0 | _aPlant micropropagation. | |
| 942 | _cEK | ||
| 999 |
_c12101 _d12101 |
||